تر قی پسند تحر يک ا و ر ا ر د و ا فسا نہ (1936-1956) (Record no. 172457)

MARC details
000 -LEADER
fixed length control field 00645nam a22001937a 4500
005 - DATE AND TIME OF LATEST TRANSACTION
control field 20200205160013.0
010 ## - LCCN (DPL NO)
LC control number A-60578
020 ## - INTERNATIONAL STANDARD BOOK NUMBER
Terms of availability 40.00
International Standard Book Number -
035 ## - SYSTEM CONTROL NUMBER
System control number A-60578
037 ## - SOURCE OF ACQUISITION
Source of stock number/acquisition DBAD/PUB
Stock number -
082 ## - DEWEY DECIMAL CLASSIFICATION NUMBER
Classification number 843.08
100 ## - MAIN ENTRY--PERSONAL NAME
Personal name صا د ق
245 ## - TITLE STATEMENT
Title تر قی پسند تحر يک ا و ر ا ر د و ا فسا نہ (1936-1956)
Statement of responsibility, etc صا د ق
246 ## - VARYING FORM OF TITLE
Remainder of title Taraqee Pasand Tehreek Aur Urdu Afsana(1936-1956) (Urdu)
Title proper/short title by Dr.Sadiqu
260 ## - PUBLICATION, DISTRIBUTION, ETC. (IMPRINT)
Place of publication, distribution, etc N.Delhi
Name of publisher, distributor, etc Anjuman Taraqui Urdu
Date of publication, distribution, etc 1993 ء
270 ## - ADDRESS
Address Urdu Ghar,Raose Avenew,
City N.Delhi
Postal code 1
Telephone number -
Fax number -
300 ## - PHYSICAL DESCRIPTION
Extent 264 ص
Dimensions 22 Cm(Hb)
942 ## - ADDED ENTRY ELEMENTS (KOHA)
Source of classification or shelving scheme Dewey Decimal Classification
Item type Urdu Bks
Classification part 843.08
Call number suffix ص ا د
Holdings
Withdrawn status Lost status Not for loan Collection code Home library Current library Date acquired Source of acquisition Cost, normal purchase price Full call number Barcode Copy number Cost, replacement price Koha item type
      Non-fiction Central Library Central Library 05/02/2020 BPPD/Ven. 40.00 843.08 ص ا د A-60578 1 40.00 Urdu Bks

© Delhi Public Library
Hit Counter
free hit counter